Big data (Record no. 27517)

MARC details
000 -LEADER
fixed length control field 00442nam a2200169Ia 4500
008 - FIXED-LENGTH DATA ELEMENTS--GENERAL INFORMATION
fixed length control field 230917s9999||||xx |||||||||||||| ||und||
020 ## - ISBN
Price RS415
040 ## - CATALOGING SOURCE
-- 249033
Original cataloging agency VIVEKANANDA LIBRARY
041 ## - Language
-- English
082 ## - DDC NUMBER
Classification number 005.7 M278B
100 ## - MAIN ENTRY--PERSONAL NAME
Personal name Maheshwari, Anil
245 #0 - TITLE STATEMENT
Title Big data
260 ## - PUBLICATION, DISTRIBUTION, ETC. (IMPRINT)
Place of publication, distribution, etc Chennai
Name of publisher, distributor, etc Mcgraw Hill Education (India)
Date of publication, distribution, etc 2018
300 ## - PHYSICAL DESCRIPTION
Pages xv, 236 p.
500 ## - GENERAL NOTE
General note 3200 26/07/2018 HBD18/7478 24/08/2018 Main Budget
942 ## - ADDED ENTRY ELEMENTS (KOHA)
Koha item type Books
Holdings
Withdrawn status Lost status Damaged status Not for loan Location (home branch) Sublocation or collection (holding branch) Shelving location Date acquired Koha issues (times borrowed) Koha full call number Accession No. Koha date last seen Koha item type
        VIVEKANANDA LIBRARY VIVEKANANDA LIBRARY IMSAR Library 13/09/2018   005.7 M278B 380771 17/09/2023 Books
        VIVEKANANDA LIBRARY VIVEKANANDA LIBRARY IMSAR Library 13/09/2018   005.7 M278B 380772 17/09/2023 Books
        VIVEKANANDA LIBRARY VIVEKANANDA LIBRARY IMSAR Library 13/09/2018   005.7 M278B 380773 17/09/2023 Books
        VIVEKANANDA LIBRARY VIVEKANANDA LIBRARY IMSAR Library 13/09/2018   005.7 M278B 380774 17/09/2023 Books
© Designed and Maintained by Vivekananda Library, MDU Rohtak